[Event "2BLS 2324 SV 1920 Hofheim - SK Schmiden/"]
[Site "?"]
[Date "2024.03.17"]
[Round "10.6"]
[White "Doric, Darko"]
[Black "Loehr, Markus"]
[Result "1/2-1/2"]
[WhiteElo "2447"]
[BlackElo "2196"]
[PlyCount "34"]
[EventDate "2024.??.??"]

1. d4 Nf6 2. Bg5 e6 3. e4 h6 4. Bxf6 Qxf6 5. Nc3 Bb4 6. Qd3 d6 7. O-O-O Nd7 8. Nf3 a6 9. a3 Ba5 10. e5 Qe7 11. h4 b5 12. Rh3 Bb7 13. Rg3 g6 14. Qe3 O-O-O 15. Ne4 Bb6 16. exd6 cxd6 17. Re1 Kb8 1/2-1/2

[Event "2BLS 2324 SV 1920 Hofheim - SK Schmiden/"]
[Site "?"]
[Date "2024.03.17"]
[Round "10.7"]
[White "Thoma, Christian"]
[Black "Womacka, Mathias"]
[Result "1/2-1/2"]
[WhiteElo "2210"]
[BlackElo "2363"]
[PlyCount "36"]
[EventDate "2024.??.??"]

1. d4 Nf6 2. c4 e6 3. Nc3 Bb4 4. e3 O-O 5. Nge2 d5 6. a3 Be7 7. cxd5 exd5 8. Nf4 c6 9. Bd3 Na6 10. Bxa6 bxa6 11. O-O a5 12. Re1 Bd6 13. f3 Bc7 14. Bd2 Qd6 15. g3 Rb8 16. Na4 Re8 17. Rc1 Bf5 18. Bc3 h5 1/2-1/2

[Event "2BLS 2324 SV 1920 Hofheim - SK Schmiden/"]
[Site "?"]
[Date "2024.03.17"]
[Round "10.8"]
[White "Plenca, Julijan"]
[Black "Aidam-Reinisch, Guenther"]
[Result "1-0"]
[WhiteElo "2432"]
[BlackElo "1815"]
[PlyCount "79"]
[EventDate "2024.??.??"]

1. e4 c5 2. Nf3 d6 3. d4 cxd4 4. Nxd4 Nf6 5. Nc3 g6 6. f3 Bg7 7. Be3 O-O 8. Qd2 Nc6 9. h4 Nxd4 10. Bxd4 Be6 11. h5 Qc7 12. g4 a6 13. Bh3 b5 14. hxg6 fxg6 15. g5 Bxh3 16. gxf6 e5 17. fxg7 Rxf3 18. Be3 Be6 19. O-O-O Qxg7 20. Qxd6 Re8 21. Bg5 h5 22. Nd5 Bxd5 23. Rxd5 Kh8 24. Rf1 Rff8 25. Rxf8+ Rxf8 26. Qe6 Rf7 27. Qxa6 b4 28. Qb5 Rb7 29. Qc5 b3 30. axb3 Ra7 31. Kb1 Rc7 32. Qd6 Rf7 33. b4 Kh7 34. b5 Qh8 35. Qe6 Qg7 36. b6 Rb7 37. Bf6 Qf7 38. Qxf7+ Rxf7 39. Bxe5 Re7 40. Bc7 1-0